[Event "IMSA Blitz Women 2019"]
[Site "Hengshui"]
[Date "2019.05.18"]
[Round "10.2"]
[White "Zhao, Xue"]
[Black "Paehtz, Elisabeth"]
[Result "1-0"]
[WhiteElo "2485"]
[BlackElo "2470"]
[Annotator "RC"]
[PlyCount "107"]
[EventDate "2019.05.17"]
[EventType "blitz"]
[EventCountry "CHN"]
[SourceTitle "playchess.com"]
[Source "ChessBase"]
[SourceQuality "1"]
[TimeControl "180+2"]

1. Nf3 {[%emt 0:00:00]} Nf6 {[%emt 0:00:00]} 2. c4 {[%emt 0:00:02]} g6 {[%emt 0:00:00]} 3. b3 {[%emt 0:00:01]} Bg7 {[%emt 0:00:02]} 4. Bb2 {[%emt 0:00:01]} O-O {[%emt 0:00:02]} 5. g3 {[%emt 0:00:02]} a5 {[%emt 0:00:02]} 6. Bg2 {[%emt 0:00:15]} c6 {[%emt 0:00:03]} 7. O-O {[%emt 0:00:09]} d5 {[%emt 0:00:01]} 8. d3 {[%emt 0:00:12]} Na6 {[%emt 0:00:11]} 9. a3 {[%emt 0:00:14]} Bg4 {[%emt 0:00:09]} 10. Nbd2 {[%emt 0:00:01]} Bxf3 {[%emt 0:00:08]} 11. Nxf3 {[%emt 0:00:06]} e6 {[%emt 0:00:02]} 12. Qc2 {[%emt 0:00:02]} Nd7 {[%emt 0:00:02]} 13. d4 {[%emt 0:00:05]} b5 {[%emt 0:00:09]} 14. cxb5 {[%emt 0:00:17]} cxb5 {[%emt 0:00:01]} 15. Rfc1 {[%emt 0:00:06]} Rc8 {[%emt 0:00:14]} 16. Qd2 {[%emt 0:00:16]} Qb6 {[%emt 0:00:02]} 17. e3 {[%emt 0:00:04]} Bf6 {[%emt 0:00:07]} 18. Bf1 {[%emt 0:00:02]} Be7 {[%emt 0:00:16]} 19. Qd3 {[%emt 0:00:13]} Nc7 {[%emt 0:00:17]} 20. Rc2 {[%emt 0:00:01]} a4 {[%emt 0:00:24]} 21. Rac1 {[%emt 0:00:19]} Qb7 {[%emt 0:00:01]} 22. Ne5 {[%emt 0:00:31]} Nb6 {[%emt 0:00:12]} 23. Nc6 {[%emt 0:00:18]} Bd6 {[%emt 0:00:05]} 24. bxa4 {[%emt 0:00:14]} Nxa4 {[%emt 0:00:12]} 25. Qb3 {[%emt 0:00:11]} Kg7 {[%emt 0:00:18]} 26. Ne5 {[%emt 0:00:05]} Rfd8 {[%emt 0:00:08]} 27. Ba1 {[%emt 0:00:02]} f6 {[%emt 0:00:04]} 28. Nc6 {[%emt 0:00:02]} Re8 {[%emt 0:00:01]} 29. Nb4 {[%emt 0:00:03]} Nb6 {[%emt 0:00:05]} 30. Nd3 {[%emt 0:00:01]} Nc4 {[%emt 0:00:02]} 31. a4 {[%emt 0:00:01]} Rb8 {[%emt 0:00:05]} 32. axb5 {[%emt 0:00:03]} Qxb5 {[%emt 0:00:03]} 33. Qxb5 {[%emt 0:00:01]} Nxb5 {[%emt 0:00:01]} 34. Nf4 {[%emt 0:00:03]} Nba3 {[%emt 0:00:05]} 35. Ra2 {[%emt 0:00:03]} g5 {[%emt 0:00:03]} 36. Nd3 {[%emt 0:00:02]} Rb3 {[%emt 0:00:03]} 37. Nc5 {[%emt 0:00:02]} Bxc5 {[%emt 0:00:04]} 38. dxc5 {[%emt 0:00:01]} Rc8 {[%emt 0:00:04]} 39. Bxc4 {[%emt 0:00:03]} Nxc4 {[%emt 0:00:01]} 40. Ra7+ {[%emt 0:00:01]} Kg6 {[%emt 0:00:01]} 41. e4 {[%emt 0:00:01]} Rxc5 {[%emt 0:00:10]} 42. exd5 {[%emt 0:00:01]} Rxd5 {[%emt 0:00:03]} 43. Rxc4 {[%emt 0:00:01]} Rb1+ {[%emt 0:00:01]} 44. Kg2 {[%emt 0:00:01]} Rdd1 {[%emt 0:00:01]} 45. Bd4 {[%emt 0:00:02]} Rg1+ {[%emt 0:00:02]} 46. Kf3 {[%emt 0:00:01]} h5 {[%emt 0:00:04]} 47. h3 {[%emt 0:00:02]} Rb3+ {[%emt 0:00:03]} 48. Be3 {[%emt 0:00:01]} f5 {[%emt 0:00:02]} 49. Ra6 {[%emt 0:00:02]} g4+ {[%emt 0:00:01]} 50. hxg4 {[%emt 0:00:01]} hxg4+ {[%emt 0:00:01]} 51. Kf4 {[%emt 0:00:03]} Kf6 {[%emt 0:00:03]} 52. Bd4+ {[%emt 0:00:01]} Ke7 {[%emt 0:00:02]} 53. Rc7+ {[%emt 0:00:03]} Kd8 {[%emt 0:00:01]} 54. Rh7 {[%emt 0:00:02]} 1-0

[Event "IMSA Blitz Women 2019"]
[Site "Hengshui"]
[Date "2019.05.18"]
[Round "10.2"]
[White "Khotenashvili, Bela"]
[Black "Dzagnidze, Nana"]
[Result "1/2-1/2"]
[WhiteElo "2476"]
[BlackElo "2510"]
[Annotator "RC"]
[PlyCount "119"]
[EventDate "2019.05.17"]
[EventType "blitz"]
[EventCountry "CHN"]
[SourceTitle "playchess.com"]
[Source "ChessBase"]
[SourceQuality "1"]
[TimeControl "180+2"]

1. Nf3 {[%emt 0:00:00]} Nf6 {[%emt 0:00:00]} 2. g3 {[%emt 0:00:01]} b6 {[%emt 0:00:05]} 3. Bg2 {[%emt 0:00:02]} Bb7 {[%emt 0:00:01]} 4. c4 {[%emt 0:00:02]} c5 {[%emt 0:00:08]} 5. Nc3 {[%emt 0:00:03]} e6 {[%emt 0:00:09]} 6. d3 {[%emt 0:00:02]} g6 {[%emt 0:00:15]} 7. O-O {[%emt 0:00:11]} Bg7 {[%emt 0:00:01]} 8. e4 {[%emt 0:00:23]} d6 {[%emt 0:00:05]} 9. Nh4 {[%emt 0:00:30]} Nc6 {[%emt 0:00:11]} 10. f4 {[%emt 0:00:01]} O-O {[%emt 0:00:05]} 11. Nf3 {[%emt 0:00:22]} Ne8 {[%emt 0:00:40]} 12. Be3 {[%emt 0:00:18]} Nd4 {[%emt 0:00:09]} 13. Rb1 {[%emt 0:00:06]} f5 {[%emt 0:00:04]} 14. exf5 {[%emt 0:00:11]} Nxf5 {[%emt 0:00:07]} 15. Bf2 {[%emt 0:00:02]} Nf6 {[%emt 0:00:01]} 16. Ng5 {[%emt 0:00:32]} Bxg2 {[%emt 0:00:05]} 17. Kxg2 {[%emt 0:00:01]} Qd7 {[%emt 0:00:03]} 18. Nce4 {[%emt 0:00:10]} d5 {[%emt 0:00:19]} 19. Nxf6+ {[%emt 0:00:05]} Bxf6 {[%emt 0:00:02]} 20. Nf3 {[%emt 0:00:07]} Rae8 {[%emt 0:00:05]} 21. Re1 {[%emt 0:00:02]} Qc6 {[%emt 0:00:03]} 22. Kg1 {[%emt 0:00:04]} h5 {[%emt 0:00:08]} 23. Ne5 {[%emt 0:00:05]} Bxe5 {[%emt 0:00:05]} 24. Rxe5 {[%emt 0:00:01]} Rd8 {[%emt 0:00:20]} 25. Qf3 {[%emt 0:00:02]} Rd6 {[%emt 0:00:18]} 26. Rbe1 {[%emt 0:00:06]} dxc4 {[%emt 0:00:02]} 27. Qxc6 {[%emt 0:00:02]} Rxc6 {[%emt 0:00:01]} 28. dxc4 {[%emt 0:00:02]} Kf7 {[%emt 0:00:00]} 29. Rd1 {[%emt 0:00:03]} Rd6 {[%emt 0:00:04]} 30. Rxd6 {[%emt 0:00:05]} Nxd6 {[%emt 0:00:01]} 31. b3 {[%emt 0:00:00]} Rd8 {[%emt 0:00:01]} 32. h3 {[%emt 0:00:04]} Nf5 {[%emt 0:00:02]} 33. g4 {[%emt 0:00:02]} Rd1+ {[%emt 0:00:02]} 34. Kg2 {[%emt 0:00:02]} hxg4 {[%emt 0:00:01]} 35. hxg4 {[%emt 0:00:01]} Ne7 {[%emt 0:00:07]} 36. Re2 {[%emt 0:00:04]} Nc6 {[%emt 0:00:01]} 37. Kf3 {[%emt 0:00:06]} Nb4 {[%emt 0:00:04]} 38. Be1 {[%emt 0:00:07]} Nc6 {[%emt 0:00:02]} 39. Bf2 {[%emt 0:00:00]} Rd3+ {[%emt 0:00:02]} 40. Ke4 {[%emt 0:00:02]} Rd1 {[%emt 0:00:02]} 41. Be3 {[%emt 0:00:01]} Kf6 {[%emt 0:00:10]} 42. Rh2 {[%emt 0:00:01]} Kg7 {[%emt 0:00:01]} 43. Bd2 {[%emt 0:00:02]} Kg8 {[%emt 0:00:09]} 44. Bc3 {[%emt 0:00:01]} Nd4 {[%emt 0:00:03]} 45. g5 {[%emt 0:00:05]} Kg7 {[%emt 0:00:03]} 46. Rd2 {[%emt 0:00:03]} Rxd2 {[%emt 0:00:01]} 47. Bxd2 {[%emt 0:00:01]} Nc6 {[%emt 0:00:01]} 48. Bc3+ {[%emt 0:00:02]} Kf7 {[%emt 0:00:01]} 49. Ke3 {[%emt 0:00:02]} Ke7 {[%emt 0:00:01]} 50. Ke4 {[%emt 0:00:01]} Kd6 {[%emt 0:00:01]} 51. a3 {[%emt 0:00:01]} Kd7 {[%emt 0:00:03]} 52. Ke3 {[%emt 0:00:02]} a6 {[%emt 0:00:02]} 53. a4 {[%emt 0:00:06]} Ne7 {[%emt 0:00:03]} 54. Ke4 {[%emt 0:00:02]} Nc6 {[%emt 0:00:02]} 55. Ke3 {[%emt 0:00:02]} Kd6 {[%emt 0:00:02]} 56. Ke4 {[%emt 0:00:00]} Ke7 {[%emt 0:00:01]} 57. Bf6+ {[%emt 0:00:01]} Kd6 {[%emt 0:00:01]} 58. Bc3 {[%emt 0:00:01]} Kd7 {[%emt 0:00:02]} 59. Ke3 {[%emt 0:00:01]} Kd6 {[%emt 0:00:02]} 60. Ke4 {[%emt 0:00:01] Ke5+} 1/2-1/2

[Event "IMSA Blitz Women 2019"]
[Site "Hengshui"]
[Date "2019.05.18"]
[Round "10.2"]
[White "Stefanova, Antoaneta"]
[Black "Bodnaruk, Anastasia"]
[Result "1-0"]
[WhiteElo "2470"]
[BlackElo "2431"]
[Annotator "ChessBase"]
[PlyCount "77"]
[EventDate "2019.05.17"]
[EventType "blitz"]
[EventCountry "CHN"]
[SourceTitle "playchess.com"]
[Source "ChessBase"]
[SourceQuality "1"]
[TimeControl "180+2"]

1. d4 {[%emt 0:00:00]} Nf6 {[%emt 0:00:00]} 2. Nc3 {[%emt 0:00:00]} d5 {[%emt 0:00:00]} 3. Bf4 {[%emt 0:00:00]} g6 {[%emt 0:00:00]} 4. e3 {[%emt 0:00:01]} Bg7 {[%emt 0:00:01]} 5. h4 {[%emt 0:00:01]} h5 {[%emt 0:00:00]} 6. Be2 {[%emt 0:00:06]} O-O {[%emt 0:00:03]} 7. Nf3 {[%emt 0:00:01]} c5 {[%emt 0:00:03]} 8. Nb5 {[%emt 0:00:02]} Na6 {[%emt 0:00:10]} 9. c3 {[%emt 0:00:09]} Bd7 {[%emt 0:00:06]} 10. a4 {[%emt 0:00:01]} Bg4 {[%emt 0:00:24]} 11. Ne5 {[%emt 0:00:20]} Bxe2 {[%emt 0:00:08]} 12. Qxe2 {[%emt 0:00:01]} Nd7 {[%emt 0:00:12]} 13. g4 {[%emt 0:00:07]} Nxe5 {[%emt 0:00:06]} 14. dxe5 {[%emt 0:00:02]} hxg4 {[%emt 0:00:06]} 15. Qxg4 {[%emt 0:00:02]} Qc8 {[%emt 0:00:01]} 16. Qxc8 {[%emt 0:00:16]} Rfxc8 {[%emt 0:00:02]} 17. O-O-O {[%emt 0:00:12]} d4 {[%emt 0:00:11]} 18. exd4 {[%emt 0:00:09]} cxd4 {[%emt 0:00:01]} 19. Nxd4 {[%emt 0:00:23]} Nc5 {[%emt 0:00:17]} 20. h5 {[%emt 0:00:19]} Ne4 {[%emt 0:00:12]} 21. Rdf1 {[%emt 0:00:21]} g5 {[%emt 0:00:11]} 22. h6 {[%emt 0:00:15]} Bh8 {[%emt 0:00:24]} 23. h7+ {[%emt 0:00:15]} Kf8 {[%emt 0:00:01]} 24. Be3 {[%emt 0:00:06]} a5 {[%emt 0:00:41]} 25. Rfg1 {[%emt 0:00:01]} f6 {[%emt 0:00:07]} 26. exf6 {[%emt 0:00:08]} exf6 {[%emt 0:00:01]} 27. f4 {[%emt 0:00:04]} Ra6 {[%emt 0:00:11]} 28. fxg5 {[%emt 0:00:04]} fxg5 {[%emt 0:00:04]} 29. Bxg5 {[%emt 0:00:05]} Rd6 {[%emt 0:00:10]} 30. Bf4 {[%emt 0:00:05]} Rdd8 {[%emt 0:00:02]} 31. Ne6+ {[%emt 0:00:03]} Kf7 {[%emt 0:00:02]} 32. Nxd8+ {[%emt 0:00:01]} Rxd8 {[%emt 0:00:00]} 33. Bc7 {[%emt 0:00:03]} Rc8 {[%emt 0:00:02]} 34. Bxa5 {[%emt 0:00:02]} Nf6 {[%emt 0:00:02]} 35. Bb6 {[%emt 0:00:03]} Re8 {[%emt 0:00:03]} 36. Bd4 {[%emt 0:00:02]} Rc8 {[%emt 0:00:03]} 37. Rf1 {[%emt 0:00:01]} Rc6 {[%emt 0:00:03]} 38. Rh6 {[%emt 0:00:05]} Bg7 {[%emt 0:00:02]} 39. h8=Q {[%emt 0:00:09]} 1-0

[Event "IMSA Blitz Women 2019"]
[Site "Hengshui"]
[Date "2019.05.18"]
[Round "10.2"]
[White "Abdumalik, Zhansaya"]
[Black "Lei, Tingjie"]
[Result "1/2-1/2"]
[WhiteElo "2464"]
[BlackElo "2507"]
[Annotator "RC"]
[PlyCount "118"]
[EventDate "2019.05.17"]
[EventType "blitz"]
[EventCountry "CHN"]
[SourceTitle "playchess.com"]
[Source "ChessBase"]
[SourceQuality "1"]
[TimeControl "180+2"]

1. e4 {[%emt 0:00:00]} c6 {[%emt 0:00:00]} 2. d4 {[%emt 0:00:00]} d5 {[%emt 0:00:00]} 3. e5 {[%emt 0:00:00]} Bf5 {[%emt 0:00:03]} 4. Bd3 {[%emt 0:00:01]} Bxd3 {[%emt 0:00:02]} 5. Qxd3 {[%emt 0:00:01]} e6 {[%emt 0:00:01]} 6. Ne2 {[%emt 0:00:01]} c5 {[%emt 0:00:07]} 7. c3 {[%emt 0:00:01]} Nc6 {[%emt 0:00:02]} 8. O-O {[%emt 0:00:02]} Nge7 {[%emt 0:00:02]} 9. Nd2 {[%emt 0:00:04]} g6 {[%emt 0:00:04]} 10. Nf3 {[%emt 0:00:02]} Bg7 {[%emt 0:00:05]} 11. h4 {[%emt 0:00:09]} cxd4 {[%emt 0:00:07]} 12. cxd4 {[%emt 0:00:02]} Nf5 {[%emt 0:00:04]} 13. Bg5 {[%emt 0:00:06]} Qb6 {[%emt 0:00:02]} 14. Qa3 {[%emt 0:00:16]} h6 {[%emt 0:00:11]} 15. Bd2 {[%emt 0:00:14]} Qd8 {[%emt 0:00:05]} 16. g3 {[%emt 0:00:06]} Nfe7 {[%emt 0:00:08]} 17. b4 {[%emt 0:00:06]} a6 {[%emt 0:00:02]} 18. Nc3 {[%emt 0:00:12]} b5 {[%emt 0:00:07]} 19. Qb2 {[%emt 0:00:05]} Qb6 {[%emt 0:00:02]} 20. Be3 {[%emt 0:00:05]} Nf5 {[%emt 0:00:02]} 21. Qd2 {[%emt 0:00:04]} Nxb4 {[%emt 0:00:12]} 22. a4 {[%emt 0:00:10]} O-O {[%emt 0:00:10]} 23. Nxb5 {[%emt 0:00:06]} Nxe3 {[%emt 0:00:28]} 24. fxe3 {[%emt 0:00:01]} Nc6 {[%emt 0:00:01]} 25. Nd6 {[%emt 0:00:04]} f6 {[%emt 0:00:07]} 26. Rab1 {[%emt 0:00:05]} Qd8 {[%emt 0:00:02]} 27. Qc3 {[%emt 0:00:08]} Ne7 {[%emt 0:00:06]} 28. Nb7 {[%emt 0:00:05]} Qe8 {[%emt 0:00:18]} 29. exf6 {[%emt 0:00:03]} Bxf6 {[%emt 0:00:12]} 30. Nc5 {[%emt 0:00:09]} Nf5 {[%emt 0:00:01]} 31. Kg2 {[%emt 0:00:05]} Rc8 {[%emt 0:00:02]} 32. Rb6 {[%emt 0:00:06]} Rc6 {[%emt 0:00:01]} 33. Rfb1 {[%emt 0:00:05]} e5 {[%emt 0:00:05]} 34. dxe5 {[%emt 0:00:39]} Be7 {[%emt 0:00:13]} 35. Rxc6 {[%emt 0:00:01]} Qxc6 {[%emt 0:00:02]} 36. Ne4 {[%emt 0:00:01]} Qxa4 {[%emt 0:00:40]} 37. Nf6+ {[%emt 0:00:01]} Bxf6 {[%emt 0:00:02]} 38. exf6 {[%emt 0:00:00]} Qg4 {[%emt 0:00:02]} 39. Qe5 {[%emt 0:00:02]} Qe4 {[%emt 0:00:06]} 40. f7+ {[%emt 0:00:38]} Kh7 {[%emt 0:00:05]} 41. Qxe4 {[%emt 0:00:04]} dxe4 {[%emt 0:00:01]} 42. Ne5 {[%emt 0:00:00]} Nxe3+ {[%emt 0:00:04]} 43. Kh3 {[%emt 0:00:02]} Nf5 {[%emt 0:00:05]} 44. Rb6 {[%emt 0:00:02]} e3 {[%emt 0:00:03]} 45. Kg2 {[%emt 0:00:01]} g5 {[%emt 0:00:02]} 46. hxg5 {[%emt 0:00:03]} hxg5 {[%emt 0:00:01]} 47. Kf3 {[%emt 0:00:01]} Nd4+ {[%emt 0:00:03]} 48. Kxe3 {[%emt 0:00:03]} Nf5+ {[%emt 0:00:01]} 49. Kf3 {[%emt 0:00:02]} Nh6 {[%emt 0:00:02]} 50. Rxa6 {[%emt 0:00:03]} Nxf7 {[%emt 0:00:01]} 51. Nxf7 {[%emt 0:00:04]} Rxf7+ {[%emt 0:00:01]} 52. Kg4 {[%emt 0:00:01]} Rb7 {[%emt 0:00:01]} 53. Kxg5 {[%emt 0:00:02]} Rb5+ {[%emt 0:00:00]} 54. Kh4 {[%emt 0:00:01]} Rb4+ {[%emt 0:00:01]} 55. g4 Rb5 56. g5 {[%emt 0:00:06]} Rb1 {[%emt 0:00:03]} 57. Ra7+ {[%emt 0:00:02]} Kg6 {[%emt 0:00:01]} 58. Ra6+ {[%emt 0:00:02]} Kh7 {[%emt 0:00:01]} 59. Ra4 {[%emt 0:00:04]} Kg6 {[%emt 0:00:01]} 1/2-1/2

[Event "IMSA Blitz Women 2019"]
[Site "Hengshui"]
[Date "2019.05.18"]
[Round "10.2"]
[White "Ushenina, Anna"]
[Black "Koneru, Humpy"]
[Result "1-0"]
[WhiteElo "2442"]
[BlackElo "2553"]
[Annotator "RC"]
[PlyCount "187"]
[EventDate "2019.05.17"]
[EventType "blitz"]
[EventCountry "CHN"]
[SourceTitle "playchess.com"]
[Source "ChessBase"]
[SourceQuality "1"]
[TimeControl "180+2"]

1. d4 {[%emt 0:00:00]} d5 {[%emt 0:00:00]} 2. c4 {[%emt 0:00:00]} e6 {[%emt 0:00:01]} 3. Nf3 {[%emt 0:00:02]} Nf6 {[%emt 0:00:02]} 4. g3 {[%emt 0:00:04]} dxc4 {[%emt 0:00:03]} 5. Bg2 {[%emt 0:00:01]} a6 {[%emt 0:00:02]} 6. O-O {[%emt 0:00:02]} Nc6 {[%emt 0:00:01]} 7. e3 {[%emt 0:00:02]} Bd7 {[%emt 0:00:02]} 8. Qe2 {[%emt 0:00:07]} Bd6 {[%emt 0:00:03]} 9. Qxc4 {[%emt 0:00:02]} O-O {[%emt 0:00:02]} 10. Nbd2 {[%emt 0:00:07]} e5 {[%emt 0:00:58]} 11. dxe5 {[%emt 0:00:01]} Nxe5 {[%emt 0:00:01]} 12. Nxe5 {[%emt 0:00:05]} Bxe5 {[%emt 0:00:02]} 13. Qc2 {[%emt 0:00:04]} Bb5 {[%emt 0:00:22]} 14. Nc4 {[%emt 0:00:09]} Bxc4 {[%emt 0:00:16]} 15. Qxc4 {[%emt 0:00:01]} c6 {[%emt 0:00:02]} 16. Qb3 {[%emt 0:00:24]} Qe7 {[%emt 0:00:05]} 17. Bd2 {[%emt 0:00:10]} Rad8 {[%emt 0:00:03]} 18. Ba5 {[%emt 0:00:09]} Rd7 {[%emt 0:00:09]} 19. Rad1 {[%emt 0:00:07]} Bc7 {[%emt 0:00:15]} 20. Rxd7 {[%emt 0:00:24]} Qxd7 {[%emt 0:00:01]} 21. Rd1 {[%emt 0:00:07]} Qc8 {[%emt 0:00:01]} 22. Bc3 {[%emt 0:00:07]} Rd8 {[%emt 0:00:13]} 23. Bxf6 {[%emt 0:00:06]} Rxd1+ {[%emt 0:00:02]} 24. Qxd1 {[%emt 0:00:01]} gxf6 {[%emt 0:00:02]} 25. Be4 {[%emt 0:00:10]} Qe6 {[%emt 0:00:07]} 26. Qf3 {[%emt 0:00:01]} h6 {[%emt 0:00:13]} 27. b3 {[%emt 0:00:01]} a5 {[%emt 0:00:09]} 28. Bf5 {[%emt 0:00:06]} Qe5 {[%emt 0:00:07]} 29. Qg4+ {[%emt 0:00:02]} Kf8 {[%emt 0:00:00]} 30. Kg2 {[%emt 0:00:06]} Bd6 {[%emt 0:00:05]} 31. Be4 {[%emt 0:00:18]} Qe6 {[%emt 0:00:05]} 32. Qh4 {[%emt 0:00:07]} Kg7 {[%emt 0:00:02]} 33. Bf3 {[%emt 0:00:07]} Be5 {[%emt 0:00:04]} 34. Qa4 {[%emt 0:00:12]} Bc7 {[%emt 0:00:05]} 35. Qh4 {[%emt 0:00:09]} Be5 {[%emt 0:00:04]} 36. Be4 {[%emt 0:00:08]} b5 {[%emt 0:00:04]} 37. Bf3 {[%emt 0:00:08]} c5 {[%emt 0:00:04]} 38. Qe4 {[%emt 0:00:04]} Bd6 {[%emt 0:00:11]} 39. Qc6 {[%emt 0:00:03]} b4 {[%emt 0:00:02]} 40. Qa8 {[%emt 0:00:04]} Bc7 {[%emt 0:00:02]} 41. Qb7 {[%emt 0:00:03]} Qb6 {[%emt 0:00:00]} 42. Qd5 {[%emt 0:00:02]} Be5 {[%emt 0:00:02]} 43. Bh5 {[%emt 0:00:01]} Qc7 {[%emt 0:00:01]} 44. Bf3 {[%emt 0:00:05]} Qd6 {[%emt 0:00:01]} 45. Qa8 {[%emt 0:00:02]} Qc7 {[%emt 0:00:02]} 46. Be2 {[%emt 0:00:02]} Bc3 {[%emt 0:00:03]} 47. Bc4 {[%emt 0:00:01]} Qd6 {[%emt 0:00:02]} 48. Qb7 {[%emt 0:00:02]} Qf8 {[%emt 0:00:02]} 49. Qc7 {[%emt 0:00:01]} Be1 {[%emt 0:00:02]} 50. Qxa5 {[%emt 0:00:02]} Qd6 {[%emt 0:00:01]} 51. Qa7 {[%emt 0:00:02]} Qf8 {[%emt 0:00:02]} 52. Qc7 {[%emt 0:00:01]} Bc3 {[%emt 0:00:01]} 53. Qd7 {[%emt 0:00:02]} Be5 {[%emt 0:00:01]} 54. h4 {[%emt 0:00:01]} Bc3 {[%emt 0:00:02]} 55. Qc7 {[%emt 0:00:02]} Be5 {[%emt 0:00:01]} 56. Qd7 {[%emt 0:00:02]} Bc3 {[%emt 0:00:01]} 57. Qg4+ {[%emt 0:00:01]} Kh8 {[%emt 0:00:01]} 58. Qh5 {[%emt 0:00:01]} Kg7 {[%emt 0:00:01]} 59. Qg4+ {[%emt 0:00:01]} Kh8 {[%emt 0:00:01]} 60. Qf4 {[%emt 0:00:01]} Kg7 {[%emt 0:00:02]} 61. Qc7 {[%emt 0:00:02]} Be5 {[%emt 0:00:01]} 62. Qd7 {[%emt 0:00:00]} Bc3 {[%emt 0:00:03]} 63. Kg1 {[%emt 0:00:00]} Be5 {[%emt 0:00:01]} 64. Qf5 {[%emt 0:00:00]} Qg8 {[%emt 0:00:10]} 65. Bd3 {[%emt 0:00:00]} Kh8 {[%emt 0:00:03]} 66. Qh5 {[%emt 0:00:00]} Kg7 {[%emt 0:00:02]} 67. f4 {[%emt 0:00:00]} Bd6 {[%emt 0:00:02]} 68. Qf5 {[%emt 0:00:00]} Be7 {[%emt 0:00:01]} 69. Kf2 {[%emt 0:00:00]} Kf8 {[%emt 0:00:02]} 70. Kf3 {[%emt 0:00:04]} Kg7 {[%emt 0:00:01]} 71. Be4 {[%emt 0:00:04]} Kf8 {[%emt 0:00:04]} 72. Bd5 {[%emt 0:00:14]} Kg7 {[%emt 0:00:02]} 73. Kg4 {[%emt 0:00:04]} Qd8 {[%emt 0:00:02]} 74. Be4 Qg8 {[%emt 0:00:02]} 75. Kh5 {[%emt 0:00:09]} Qh8 {[%emt 0:00:04]} 76. Qg4+ {[%emt 0:00:03]} Kf8 {[%emt 0:00:01]} 77. Qc8+ {[%emt 0:00:01]} Kg7 {[%emt 0:00:01]} 78. Qxh8+ {[%emt 0:00:01]} Kxh8 {[%emt 0:00:01]} 79. Kxh6 {[%emt 0:00:01]} Bf8+ {[%emt 0:00:02]} 80. Kh5 {[%emt 0:00:01]} Kg7 {[%emt 0:00:00]} 81. Kg4 {[%emt 0:00:02]} Be7 {[%emt 0:00:01]} 82. Kf5 {[%emt 0:00:01]} Bd6 {[%emt 0:00:02]} 83. Bd5 {[%emt 0:00:01]} Bc7 {[%emt 0:00:02]} 84. g4 {[%emt 0:00:02]} Bd8 {[%emt 0:00:01]} 85. h5 {[%emt 0:00:02]} Be7 {[%emt 0:00:03]} 86. Be4 {[%emt 0:00:05]} Bd6 {[%emt 0:00:03]} 87. Bd3 {[%emt 0:00:02]} Be7 {[%emt 0:00:01]} 88. Ke4 {[%emt 0:00:01]} Kh6 {[%emt 0:00:02]} 89. Kd5 {[%emt 0:00:02]} Bf8 {[%emt 0:00:02]} 90. Kc6 {[%emt 0:00:01]} Kg7 {[%emt 0:00:02]} 91. Bf5 {[%emt 0:00:01]} Be7 {[%emt 0:00:01]} 92. Kd7 {[%emt 0:00:01]} Bf8 {[%emt 0:00:01]} 93. Be4 {[%emt 0:00:03]} Kg8 {[%emt 0:00:01]} 94. Ke8 {[%emt 0:00:03]} 1-0

[Event "IMSA Blitz Women 2019"]
[Site "Hengshui"]
[Date "2019.05.18"]
[Round "11.1"]
[White "Muzychuk, Mariya"]
[Black "Gunina, Valentina"]
[Result "1-0"]
[WhiteElo "2563"]
[BlackElo "2506"]
[Annotator "TA"]
[PlyCount "121"]
[EventDate "2019.05.17"]
[EventType "blitz"]
[EventCountry "CHN"]
[SourceTitle "playchess.com"]
[Source "ChessBase"]
[SourceQuality "1"]

{[%evp 31,121,3,41,8,60,13,80,68,61,67,75,24,42,16,19,-71,9,0,0,-61,-58,-53,-55,-55,-58,-62,-54,-136,-54,-64,6,5,11,12,272,277,283,274,263,275,285,239,385,352,423,408,504,504,1866,451,4602,504,2000,504,516,502,538,502,502,502,502,509,3991,3246,2112,654,29969,29971,29969,29971,29968,29970,29973,29975,29974,29975,29975,29975,29975,29976,29976,29977,29977,29978,29978,29979,29979,29980,29980,29981,29980,29981]} 1. e4 c6 2. d4 d5 3. Nc3 dxe4 4. Nxe4 Bf5 5. Ng3 Bg6 6. h4 h6 7. Nf3 Nd7 8. h5 Bh7 9. Bd3 Bxd3 10. Qxd3 e6 11. Bd2 Ngf6 12. O-O-O Bd6 13. Ne4 Nxe4 14. Qxe4 Nf6 15. Qe2 Qc7 16. Ne5 O-O-O 17. g4 {B19: Classical Caro-Kann: 4...Bf5 main line} (17. c4 Rhe8 18. Bc3 c5 19. Kb1 cxd4 20. Bxd4 Bxe5 21. Bxe5 Qc6 22. Bxf6 gxf6 23. Qe3 Rxd1+ 24. Rxd1 Rd8 {0-1 (52) Kuchynka,L (2343)-Prohaszka,P (2526) Pardubice 2010}) 17... Kb8 (17... c5 $11) 18. Kb1 Ka8 $146 (18... c5 $11 {remains equal.}) ({Predecessor:} 18... c5 19. c3 cxd4 20. cxd4 Nd5 21. Rc1 Qe7 22. Nc4 Bf4 23. Bxf4+ Nxf4 {1-0 (37) Giraldo,E (1500)-Romero Valencia,M (1633) Medellin 2019}) 19. f4 {White is better.} c5 20. dxc5 Bxc5 21. Be3 (21. Rhf1 $16) 21... Bd6 22. Bd4 Nd5 23. Rhf1 (23. Bf2 $11) 23... f6 (23... Nxf4 $1 $17 24. Qb5 (24. Rxf4 Bxe5 25. Re4 Bxd4 $17) 24... f6) 24. Nd3 Rhe8 {[%cal Rd5f4]} 25. Qf2 ({White should try} 25. Bg1 $11) 25... e5 $15 26. fxe5 fxe5 27. Bc5 $1 e4 28. Bxd6 Rxd6 29. Rfe1 (29. Nf4 $15 Nf6 30. Rxd6 Qxd6 31. Qe3) 29... Qd7 (29... Nf6 $17 {...Red8 is the strong threat.} 30. Nf4 Nxg4) 30. Qe2 Re7 ({Better is} 30... Nf6 $15 31. Nc1 a6) 31. Nc5 $11 {[%mdl 64] Double Attack} Qc6 $1 {[%cal Rc6c5]} 32. Nxe4 Rxe4 $4 {[%mdl 8192]} (32... Rde6 $11 {and Black stays safe.} 33. Qf1 a6) 33. Qxe4 $18 Nc3+ 34. bxc3 {White wants to mate with Qe8+.} Qxe4 35. Rxe4 {Re8+ would kill now.} Rxd1+ {[%mdl 4096] Endgame KR-KR} 36. Kb2 {Threatening mate with Re8+.} a6 (36... Rd8 {was necessary.} 37. Re7 Rg8) 37. Re7 Rg1 38. Rxg7 Kb8 39. c4 Rg3 {[#]} (39... Rh1 $142 40. c5 Rh4) 40. c3 (40. g5 $142 $1) 40... Rg1 {[#]} (40... Rg2+ $142 41. Kb3 Rh2) 41. c5 (41. g5 $142 $1 hxg5 (41... Rxg5 42. Rxg5) 42. h6) 41... Re1 (41... Rh1 $142 42. Rg6 Rh2+ 43. Kb3 Rh4 44. Rxh6 Rxg4 45. Rh8+ Ka7) 42. Rg6 (42. g5 $142 hxg5 43. h6) 42... Re4 43. Kc2 Ra4 44. Kd3 Rf4 45. Rxh6 Rxg4 46. Rh8+ Kc7 (46... Ka7 $142 47. h6 Rh4) 47. h6 Rh4 48. Ke3 (48. h7 $142 Rh5 49. Ke3) 48... Kc6 49. h7 {White mates.} Kc7 {[#]} 50. c6 $1 Rh3+ (50... bxc6 51. Ra8) 51. Kf4 Rh1 52. cxb7 Kxb7 53. c4 Rf1+ 54. Ke4 Re1+ 55. Kd3 Rd1+ 56. Kc2 Rh1 57. c5 Rh6 58. Kd3 Rh3+ 59. Ke4 Rh4+ 60. Kf3 Rh1 {[#]} 61. c6+ $1 {[%mdl 64] Decoy, Promotion. Accuracy: White = 45%, Black = 23%.} 1-0